Chicken...or Chimp? - Statistics

General Stats
  • This quiz has been taken 69 times
  • The average score is 11 of 15
Answer Stats
Question Answer % Correct
Were studied extensively by Jane Goodall Chimp
92%
Can be Kentucky Fried Chicken
90%
Shares a 98% similarity to human DNA Chimp
89%
One survived 18 months without a head Chicken
87%
Are known to use rudimentary tools Chimp
87%
Have current populations in Africa Both
85%
Eats insects Both
84%
Outnumber humans Chicken
80%
Fight 'wars' among their wild populations Chimp
79%
Kept as a pet by Michael Jackson Chimp
69%
Has been to space Chimp
64%
Star in a ten-film movie series Chimp
59%
Can fly Chicken
49%
Has been trained by humans to fight for entertainment purposes Chicken
34%
Used as a mascot for a Major League Baseball team Chicken
31%
No matching quizzes found
Score Distribution
Percent of People with Each Score
Percentile by Number Answered
Your Score History
You have not taken this quiz